Puisi, penyair, & kreativiti : dalam kritikan dan apresiasi

Bibliographic Details
Main Author: Lim Swee Tin
Format: Book
Published: Selangor : Citra Kurnia Enterprise , 2008
Subjects:

MARC

LEADER 00000cam a2200000 7i4500
001 0000030191
005 20110113.0
008 110113
020 |a 9834396701 
090 0 0 |a 899.23109   |b LIM 
100 0 |a Lim Swee Tin 
245 0 0 |a Puisi, penyair, & kreativiti :   |b dalam kritikan dan apresiasi   |c Lim Swee Tin   |f Arbak Othman 
260 |a Selangor :   |b Citra Kurnia Enterprise ,   |c 2008 
650 0 |a Malay literature   |x history & criticsm 
650 0 |a Malay poetry   |x history & criticsm 
999 |a 0001055966   |b Book   |c Adult Collection   |e Perbadanan Perpustakaan Awam Johor 
999 |a 0001055967   |b Book   |c Adult Collection   |e Perbadanan Perpustakaan Awam Johor 
999 |a 0001055968   |b Book   |c Adult Collection   |e Perbadanan Perpustakaan Awam Johor 
999 |a 0001055969   |b Book   |c Adult Collection   |e Perbadanan Perpustakaan Awam Johor